00444nam a2200169Ia 4500003000400000005001700004008004100021040000700062041000800069082001900077100001600096245007200112260004100184365001300225650001400238650002200252OSt20250726150138.0210423s2002 xx 000 0 und d cAL aeng a307.762 bSINP aSurat Singh aProblems and prospects of panchayat financeb: study of common land aNew DelhibMittal Publicationsc2002 b295cINR aSociology aUrban Communities